| 000 | 00639nam a22002177a 4500 | ||
|---|---|---|---|
| 003 | OSt | ||
| 005 | 20260515074315.0 | ||
| 008 | 260515b |||||||| |||| 00| 0 eng d | ||
| 020 | _a0618059946 | ||
| 040 |
_aLC _bENG _cLC _dABK _eRDA |
||
| 082 |
_223rd ed. _a551.5 _bKRA |
||
| 100 |
_aKramer, Stephen _967896 |
||
| 245 |
_aLightning / _cStephen Kramer |
||
| 260 |
_aBoston : _bHoughton Mifflin, _cc2001. |
||
| 300 |
_a48 pages : _bIllustrations ; _c21 cm. |
||
| 650 |
_aJuvenile _vNonfiction _967897 |
||
| 650 |
_aScience and nature _967898 |
||
| 650 |
_aEarth science _vweather _967899 |
||
| 700 |
_aFaidley Warren _967900 |
||
| 942 |
_2ddc _cBOOK |
||
| 999 |
_c40273 _d40272 |
||